Furthest European Capital - Statistics

General Stats
  • This quiz has been taken 883 times
    882 since last reset
  • The average score is 28 of 44
Answers on the Map
Answers color-coded by a green-red scale on the quiz's map according to % correct below.
 
Answer Stats
Answer % Correct
Reykjavik
100%
Athens
93%
Dublin
91%
Moscow
91%
Lisbon
90%
Madrid
85%
Helsinki
84%
Oslo
81%
Tallinn
81%
Valletta
80%
Stockholm
76%
Tirana
75%
Kiev
73%
Andorra La Vella
72%
London
71%
Paris
69%
Chisinau
68%
Amsterdam
66%
Bucharest
66%
Copenhagen
63%
Brussels
61%
Skopje
61%
Sofia
61%
Minsk
60%
Monaco
60%
Riga
60%
Rome / Vatican City
59%
Vilnius
58%
San Marino
53%
Warsaw
53%
Bern
51%
Luxembourg
50%
Pristina
49%
Berlin
47%
Podgorica
46%
Sarajevo
46%
Vaduz
44%
Belgrade
43%
Prague
43%
Zagreb
42%
Budapest
40%
Ljubljana
39%
Bratislava
38%
Vienna
38%
No matching quizzes found
Score Distribution
Percent of People with Each Score
Percentile by Number Answered
Your Score History
You have not taken this quiz since the last reset